000 00511nam a2200181Ia 4500
008 141024t2013 xxu||||| |||| 00| 0 sin d
041 _asin
080 _a8-31
_bOST
100 _aOsthrowoskey , Nikolaai
245 _aවානේ පන්නරය ලැබු හැටි
246 _aVane Pannaraya Labu Hati.
260 _aKurulu Poth
_aRajagiriya
_c2013
300 _b286p, 21 cm
700 _aRudrigu, Dadigama V
_etr.
942 _cBK
999 _c42744
_d42744
003 LK-CoDNM
040 _aLK-CoDNM
_dLK-CoDNM
_eLK-CoDNM